[Event "Havana Province zt"]
[Site "Havana"]
[Date "2010.02.24"]
[Round "5"]
[White "Lopez Gonzalez, Abel Fabian"]
[Black "Cierna Rodriguez, Alain"]
[Result "0-1"]
[WhiteElo "1965"]
[BlackElo "2040"]
[PlyCount "64"]
[EventDate "2010.02.20"]
[EventType "swiss"]
[EventRounds "9"]
[EventCountry "CUB"]
[SourceTitle "EXT 2011"]
[Source "ChessBase"]
[SourceDate "2010.11.26"]
[SourceVersion "1"]
[SourceVersionDate "2010.11.26"]
[SourceQuality "1"]

1. e4 e6 2. d3 d5 3. Nd2 Nf6 4. g3 dxe4 5. dxe4 e5 6. Bg2 Bg4 7. Ne2 Bc5 8. 0-0 Nc6 9. h3 Be6 10. Nb3 Qxd1 11. Rxd1 Bb6 12. Bg5 a5 13. Bxf6 gxf6 14. Nc3 a4 15. Nd2 Nd4 16. Rac1 Rg8 17. Kh2 c6 18. f4 exf4 19. gxf4 Bc7 20. Rf1 Rd8 21. Kh1 Ne2 22. Nxe2 Rxd2 23. Bf3 Bxh3 24. Rfd1 Rxe2 25. Bxe2 Bg2+ 26. Kg1 Bxf4 27. Ra1 Be3+ 28. Kh2 Bxe4 29. Bd3 Bf4+ 30. Kh3 Bg2+ 31. Kh4 Rg5 32. Re1+ Kf8 0-1

[Event "Havana City-ch"]
[Site "Havana"]
[Date "2009.12.21"]
[Round "9"]
[White "Cierna Rodriguez, Alain"]
[Black "Martin Rosabal, Jorge Carlos"]
[Result "0-1"]
[WhiteElo "2079"]
[BlackElo "2157"]
[PlyCount "117"]
[EventDate "2009.12.13"]
[EventType "swiss"]
[EventRounds "9"]
[EventCountry "CUB"]
[SourceTitle "CBM 134 Extra"]
[Source "ChessBase"]
[SourceDate "2010.03.03"]
[SourceVersion "1"]
[SourceVersionDate "2010.03.03"]
[SourceQuality "1"]

1. Nf3 Nf6 2. d4 d6 3. b3 e5 4. dxe5 Ng4 5. h3 Nxe5 6. Nxe5 Qf6 7. Bb2 dxe5 8. Nd2 Bf5 9. e4 Be6 10. Bb5+ c6 11. Bd3 Bc5 12. Qe2 0-0 13. 0-0 Nd7 14. Qh5 Qf4 15. Nf3 f6 16. Bc1 Qg3 17. b4 Bb6 18. c4 Qg6 19. Qxg6 hxg6 20. c5 Bc7 21. Be3 Rfd8 22. Be2 Nf8 23. a4 b6 24. cxb6 Bxb6 25. Bxb6 axb6 26. Rfc1 Rdc8 27. Nd2 Nd7 28. Nc4 c5 29. b5 Kf8 30. Ne3 Ra5 31. Bc4 Ke7 32. Bxe6 Kxe6 33. Nc4 Ra7 34. Rd1 Rca8 35. Kh2 g5 36. Rd6+ Ke7 37. Rad1 Rb8 38. Ne3 Rbb7 39. Nc4 g6 40. Kg3 Kf7 41. Kf3 Nf8 42. Nxb6 c4 43. Ke3 c3 44. Rc6 Ne6 45. Nc8 Nd4 46. Rxc3 Rc7 47. Rdc1 Rxc3+ 48. Rxc3 Rxa4 49. b6 Rb4 50. b7 f5 51. exf5 Nxf5+ 52. Kf3 e4+ 53. Ke2 Rb2+ 54. Kd1 Rxb7 55. g4 Rd7+ 56. Ke1 Nd4 57. Nb6 Rb7 58. Nc4 Ke6 59. Ne3 0-1

[Event "Havana City-ch"]
[Site "Havana"]
[Date "2009.12.19"]
[Round "7"]
[White "Cierna Rodriguez, Alain"]
[Black "Fernandez Camejo, Jose Angel"]
[Result "0-1"]
[WhiteElo "2079"]
[BlackElo "2094"]
[PlyCount "98"]
[EventDate "2009.12.13"]
[EventType "swiss"]
[EventRounds "9"]
[EventCountry "CUB"]
[SourceTitle "CBM 134 Extra"]
[Source "ChessBase"]
[SourceDate "2010.03.03"]
[SourceVersion "1"]
[SourceVersionDate "2010.03.03"]
[SourceQuality "1"]

1. Nf3 d5 2. d4 Nf6 3. c4 c6 4. Qc2 a6 5. cxd5 cxd5 6. Bf4 Nc6 7. Nbd2 e6 8. e3 Bd6 9. Bxd6 Qxd6 10. Rc1 0-0 11. Qc5 Qxc5 12. Rxc5 Bd7 13. a3 Rfc8 14. Be2 Na7 15. 0-0 Rxc5 16. dxc5 Rc8 17. Rc1 Bb5 18. Bxb5 Nxb5 19. a4 Na7 20. Ne5 Nc6 21. Nxc6 Rxc6 22. b4 Kf8 23. Nb3 Nd7 24. f4 Rc7 25. Kf1 Nf6 26. Ke2 Ke7 27. Kd3 Ne4 28. Kd4 g6 29. b5 axb5 30. axb5 f6 31. b6 Rc8 32. Na5 Ra8 33. c6 Rxa5 34. cxb7 Ra2 35. Rd1 Ra4+ 36. Kd3 Nc5+ 37. Ke2 Nxb7 38. Rc1 Rc4 39. Ra1 Kd7 40. Ra2 Kc6 41. Ra8 Kxb6 42. Re8 Re4 43. Kf2 Nd6 44. Rh8 Nf5 45. Rxh7 Nxe3 46. Kf3 Nf5 47. Rf7 g5 48. fxg5 fxg5 49. h3 Rf4+ 0-1

[Event "Havana UCI op 8th"]
[Site "Havana"]
[Date "2009.11.06"]
[Round "3"]
[White "Cierna Rodriguez, Alain"]
[Black "Ragolta Franco, Eduardo"]
[Result "1/2-1/2"]
[WhiteElo "2079"]
[BlackElo "2268"]
[PlyCount "86"]
[EventDate "2009.11.04"]
[EventType "swiss"]
[EventRounds "9"]
[EventCountry "CUB"]
[SourceTitle "EXT 2011"]
[Source "ChessBase"]
[SourceDate "2010.11.26"]
[SourceVersion "1"]
[SourceVersionDate "2010.11.26"]
[SourceQuality "1"]

1. d4 Nf6 2. Nf3 e6 3. Bg5 h6 4. Bxf6 Qxf6 5. Nbd2 d6 6. Ne4 Qd8 7. e3 Nd7 8. Bd3 b6 9. Qe2 Bb7 10. Ned2 c5 11. Ba6 Qc7 12. c3 cxd4 13. Bxb7 Qxb7 14. exd4 Be7 15. 0-0 0-0 16. Rfe1 b5 17. Ne4 Nf6 18. Ng3 Rfe8 19. Rad1 Rac8 20. Qd3 Qc6 21. Rc1 Qc4 22. Qb1 Qa4 23. h3 Rc7 24. Ne2 Nd5 25. g4 Qa6 26. a3 Qc6 27. Qe4 Nb6 28. Qxc6 Rxc6 29. Nf4 Rcc8 30. h4 a5 31. g5 hxg5 32. hxg5 g6 33. Kg2 Kg7 34. Rh1 e5 35. dxe5 dxe5 36. Nh3 Nc4 37. Rc2 Rcd8 38. Re1 Bd6 39. Rce2 Re6 40. Nh2 Bb8 41. Ng4 a4 42. Ng1 Rd5 43. Nf3 Bc7 1/2-1/2

[Event "Havana del Este"]
[Site "Havana"]
[Date "2009.09.10"]
[Round "3"]
[White "Cierna Rodriguez, Alain"]
[Black "Fuentes Garcia, Diosbel Enrique"]
[Result "0-1"]
[WhiteElo "2133"]
[BlackElo "2104"]
[PlyCount "88"]
[EventDate "2009.09.08"]
[EventType "tourn"]
[EventRounds "22"]
[EventCountry "CUB"]
[SourceTitle "EXT 2011"]
[Source "ChessBase"]
[SourceDate "2010.11.26"]
[SourceVersion "1"]
[SourceVersionDate "2010.11.26"]
[SourceQuality "1"]

1. d4 d5 2. Nf3 c5 3. e3 Nc6 4. c3 e6 5. Bd3 Nf6 6. Nbd2 Qc7 7. 0-0 b6 8. Re1 Bb7 9. e4 cxd4 10. exd5 Nxd5 11. Ne4 dxc3 12. bxc3 0-0-0 13. Qc2 Nf6 14. Bg5 Be7 15. Rab1 Nxe4 16. Bxe4 Bxg5 17. Nxg5 h6 18. Nf3 Na5 19. Bxb7+ Nxb7 20. a4 Rd5 21. Qe4 Nd6 22. Qg4 Nf5 23. h3 h5 24. Qe4 Nd6 25. Qh4 Rc5 26. Ne5 Nc4 27. Nd3 g5 28. Qe4 Rd5 29. Rb4 Nd6 30. Qe2 Nb7 31. c4 Rf5 32. Rc1 Rd8 33. g4 hxg4 34. hxg4 Rh8 35. Qe4 Qh2+ 36. Kf1 Qh1+ 37. Qxh1 Rxh1+ 38. Ke2 Rxc1 39. gxf5 Rc2+ 40. Kd1 Ra2 41. fxe6 fxe6 42. Nb2 Nc5 43. Kc2 Kc7 44. Rb5 Nxa4 0-1